000 00248nam a2200097Ia 4500
001 807731
005 20250826171236.0
008 250824s9999 xx 000 0 und d
245 0 _aAKLIN YOLU BİR DEĞİLDİR
_cALEV ALATLI
260 _bDESTEK YAYINLARI
999 _c807731
_d807731